| 000 | 00508nam a2200193Ia 4500 | ||
|---|---|---|---|
| 005 | 20260429112113.0 | ||
| 008 | 260429s9999||||xx |||||||||||||| ||und|| | ||
| 020 | _a9781032611433 | ||
| 041 | _aEnglish | ||
| 082 |
_a006.7 _bGRI |
||
| 100 | _aGriffey, Julia V. | ||
| 245 | 0 |
_aDigital media production for beginners / _cJulia V. Griffey |
|
| 250 | _a1st ed. | ||
| 260 |
_aNew York : _bRoutledge, _c2025. |
||
| 300 | _aix, 208 p.; pbk | ||
| 650 | _a Mass media | ||
| 650 | _aDigital media | ||
| 942 | _cTB | ||
| 999 |
_c52372 _d52372 |
||